000 00491nam a22001697a 4500
003 OSt
008 150615b xxu||||| |||| 00| 0 eng d
041 _aeng
245 1 0 _aForeign stamps and covers, featuring the "J & J" collection of France and French areas
246 1 0 _aRobert A. Siegel, sale 928 PR - Dec. 21, 2006
260 _bRobert A. Siegel
300 _a0 pages
650 0 _aFrance,
650 0 _aFrench Colonies,
650 0 _aOccupation of Fezzan
700 1 _aRobert A. Siegel
999 _c1578
_d1578